000 00949nam a22003017a 4500
001 0004918
003 KOHA_MİRAKIL
005 20260207001430.0
007 ta
008 090508b1991 us |||gr||||#||||0|eng |
020 _a0813309085
040 _aTR-BiSEU
_btur
_cTR-BiSEU
_erda
041 0 _aeng
044 _cus
050 _aDS119.7
_b.G47 1991
100 1 _aGerner, Deborah J..
245 1 _aOne land, two peoples :
_bthe conflict over Palestine/
_cDeborah J. Gerner ; Deborah J. Gerner.
264 1 _aBoulder :
_bWestview Press
_c1991
300 _axv, 220 sayfa, [1]: resimli, haritalı; 21 cm.
336 _ametin
_btxt
_2rdacontent
337 _aaracısız
_bn
_2rdamedia
338 _acilt
_bnc
_2rdacarrier
490 0 _aDilemmas in world politics
500 _aIncludes bibliographical references and index.
650 0 _aArab-Israeli conflict.
_912043
830 0 _aDilemmas in world politics
_912044
942 _2lcc
_cBK
999 _c4900
_d4900